| 000 | 00388nam a2200145Ia 4500 | ||
|---|---|---|---|
| 008 | 240624s9999 xx 000 0 und d | ||
| 041 | _aeng | ||
| 082 | _a005.376 HOL | ||
| 100 | _aHOLME DAN | ||
| 245 | _aMANAGING AND MAINTAINING A MICROSOFT WIN | ||
| 250 | _a(2nd ed.) | ||
| 260 |
_c2007 _aNew Delhi _bPrentice-Hall of India |
||
| 300 | _axxxiii, , 784 , 26 : p. : cm. | ||
| 365 |
_cRS _b36 |
||
| 999 |
_c7262 _d7262 |
||